000 00621nam a2200193Ia 4500
005 20250507130249.0
008 008 250505s9999 xx 000 0 eng d
037 _aSeries Article
040 _aEASL
_beng
_cEASL
041 _aeng
_2eng
084 _qEASL
100 _aWu Chung-Li
_9669165
245 0 _aCharge me if you can: Assesing political biases in vote-buying verdicts in democratic Taiwan (2000-2010)
260 _aUK
_bLondon Cambridge Univesity Press UK
_c2012
300 _a786-805p.
650 _aChinese History; Politics - Taiwan
_9755053
942 _cSRA
999 _c1318647
_d1318647